Antworten : die literatur der deutschsprachigen schweiz in den achtziger jahren /

Guardado en:
Autor Principal: Matt, Beatrice Von
Formato: Libro
Publicado: Zurich : Verlag Neue Zurcher Zeitung, 1991
Materias:
Etiquetas: Agregar Etiqueta
Sin Etiquetas, Sea el primero en etiquetar este registro!
LEADER 00534nam a22001575a 4500
001 EHU.bham024010
003 AR-BHAM
005 20130507113821.0
008 130507s1991##################000#0#####d
082 8 0 |a 809.89494 
100 1 |a Matt, Beatrice Von 
245 1 0 |a Antworten :  |b die literatur der deutschsprachigen schweiz in den achtziger jahren /  |c Beatrice Von Matt 
260 |a Zurich :  |b Verlag Neue Zurcher Zeitung,  |c 1991 
300 |a 511 p. 
653 |a Literatura suiza 
859 |a AR-BHAM  |b BIB. HUMANIDADES - General  |h 809.89494  |i M429  |p 554.01  |t Ej.1